01110nam a22002537i 4500999001700000003000900017008004100026020002200067040007100089082002200160100001400182245010300196260005200299300003200351505020400383650003100587650002200618650001900640650001900659650002900678942001600707945002100723952011200744  c23459d23459AR-CdUCM260120b20202020 pe||||| |||| 00| 0 spa d  a978-84-18703-52-2  aMUNICIPALIDAD PROVINCIAL DEL CUSCOcBIBLIOTECA MUNICIPAL DEL CUSCO  aES / 868.3 /bB39  aBell, Ed   aCómo escribir una canción : b(incluso si nunca has escrito una y crees que eres malísimo) /  aBarcelona-España :bReedbook, Edicionesc2020  a338 páginas. :c24x17 cm.  aEncuentra una gran idea para una acción -- Elige un gancho lirico -- Escribe la letra del estribillo -- Compon los acordes, la melodia -- Compón los acordes -- Añade un puente -- Y ahora qué   aIdeas para componer952029  aMelodía 914101  aEstrofa952030  aAcordes952031  aAñade un puente952032  2ddccLIBROS  apbjrd20-01-2026  002ddc4070aSIbSIcCARTd2026-01-20eDonacióng20.00oES / 868.3 / B39pSI00005067r2026-01-20yLIBROS